MARC

LEADER 00000nam0a2200000 4500
001 134464
005 20231031135707.0
010 |a 5308001294 
020 |a RU  |b 88-30405 
035 |a (RuTPU)RU\TPU\book\145762 
090 |a 134464 
100 |a 20080331d1988 m y0rusy5003 ca 
101 0 |a rus 
102 |a UA 
105 |a y z 000ay 
200 1 |a Живая жизнь  |e Избранные произведения  |f В. В. Вересаев  |g авт. предисл. З. В. Кирилюк 
210 |a Киев  |c Днипро  |d 1988 
215 |a 522,[3] с.  |c портр.  |d 21 см 
327 1 |a Содерж.: Без дороги; Поветрие; Два конца; Враги; Живая жизнь: О Достоевском и Льве Толстом; Марья Петровна; Состязание; Из цикла "Невыдуманные рассказы о прошлом"; Из "Рассказов о детях" 
600 1 |a Достоевский  |g Федор Михайлович  |f 1821-1881  |c русский писатель  |b Ф. М.  |2 stltpush  |3 (RuTPU)RU\TPU\pers\1038 
600 1 |a Толстой  |g Лев Николаевич  |f 1829-1910  |c граф  |c русский писатель  |c член-корреспондент, почетный академик Петербургской АН  |b Л. Н.  |2 stltpush  |3 (RuTPU)RU\TPU\pers\497 
610 1 |a Русская литература 
610 1 |a 19 век 
610 1 |a 20 век 
675 |a Р2  |z rus 
700 1 |a Вересаев  |b В. В.  |c русский писатель  |f 1867-1945  |g Викентий Викентьевич  |2 stltpush  |3 (RuTPU)RU\TPU\pers\37670 
702 1 |a Кирилюк  |b З. В.  |4 080 
801 0 |a RU  |b RuMRKP  |c 19950417  |g psbo 
801 1 |a RU  |b 63413507  |c 20080331  |g PSBO 
801 2 |a RU  |b 63413507  |c 20161219  |g PSBO 
942 |c BK